Nomes Mais registrados no Brasil 2021 - Statistics

Estatísticas Gerais
  • Esse quiz foi jogado 289 vezes
  • A pontuação média é 11 de 20
Estatísticas das Respostas
Sexo Inicial (is) Resposta % Correto
M G Gabriel
88%
F H Helena
73%
F M___ C___ Maria Clara
73%
F M ___ J___ Maria Julia
59%
M M Miguel
58%
M H Heitor
57%
F V Valentina
56%
F A Alice
54%
M B Bernardo
54%
F L Laura
53%
F M___ A___ Maria Alice
53%
M A Arthur
46%
F S Sophia
46%
M S Samuel
45%
M D Davi
44%
M G Gael
43%
M J___ M___ João Miguel
41%
F M___ C___ Maria Cecília
41%
F H Heloisa
39%
M T Theo
35%
Nenhum quiz correspondente encontrado
Distribuição das Pontuações
Porcentagem de Pessoas com Cada Pontuação
Percentil de Números Respondidos
Sua Pontuação Histórica
Você não jogou esse quiz